Paroles générique Pokemon - Saison 2 - Statistiques

Statistiques générales
  • Ce quiz a été pris 645 fois
  • Le résultat moyen est 87 sur 123
Statistiques - réponses
Paroles % Correct
(Pokemon)
94%
Pokemon
94%
(Pokémon)
94%
à
87%
le
87%
Je
81%
[Je
81%
je
81%
Tu
80%
tout
79%
un
79%
es
78%
ma
78%
monde
76%
jour
75%
pour
75%
est
74%
Est
74%
(ça
73%
devenir
73%
et
73%
Et
73%
maître
73%
Nous
73%
prêt
73%
Les
72%
pas
72%
que
72%
Que
72%
la
71%
du
70%
au
69%
dans
69%
Dans
69%
qui
69%
ne
68%
Chaque
66%
défi
66%
passe
66%
relever
66%
voudrais
66%
vivons
65%
cartonne)
64%
chemin
62%
si
62%
bout
61%
ferai
61%
grand
61%
J'ai
60%
j'ai
60%
Même
60%
parcours
60%
Quand
60%
risque
60%
demi-tour
59%
j'arriverai
58%
main]
58%
force
57%
cran
56%
long
56%
pouvoir
56%
peut
54%
m'égaler
53%
personne
53%
détiens
52%
trouverai
52%
qu'enfin
50%
dois
48%
prouver
48%
gagner
47%
réussi
46%
maîtriser
43%
croisés
37%
Aucun quiz correspondant
Distribution des résultats
% des personnes avec chaque résultat
Percentile par nombre de réponses
Votre historique - résultats
Vous n’avez pas pris ce quiz